[Event "St Petersburg-ch (Women)"]
[Site "St Petersburg"]
[Date "1999.04.06"]
[Round "1"]
[White "Rakitskaja, M."]
[Black "Razuvajeva, Julia"]
[Result "0-1"]
[WhiteElo "2201"]
[BlackElo "2215"]

1.d4 d5 2.c4 c6 3.Nf3 Nf6 4.Qc2 g6 5.Bf4 Bg7 6.e3 O-O 7.Nbd2 Be6 8.c5 Bf5
9.Bd3 Bxd3 10.Qxd3 Nbd7 11.O-O Nh5 12.b4 f6 13.Rac1 e5 14.dxe5 Nxe5 15.Qb3 Kh8
16.Nd4 Qd7 17.b5 f5 18.Bxe5 Bxe5 19.N2f3 Bg7 20.Rfd1 Rfe8 21.bxc6 bxc6 22.Qa4 Rac8
23.Rb1 f4 24.Nc2 fxe3 25.Nxe3 Rc7 26.Nd4 Nf4 27.Rd2 Ne6 28.Nb3 Qe7 29.Qa5 Rb8
30.Rc1 Nf4 31.Qa4 Qg5 32.Kh1 Re8 33.g3 Nh3 34.Ng2 Re4 35.Qa5 Rf7 36.f4 Qe7
37.Qa6 Qe8 38.Rf1 Bc3 39.Rc2 Bg7 40.Na5 Re6 41.Nb3 Rfe7 42.Nc1 Bd4 43.Nd3 Re2
44.Qa4 Rxc2 45.Qxd4+ Kg8 46.Ne5 Rxa2 47.Ng4 Qf8 48.Nf6+ Kf7 49.f5 g5 50.Nxh7 Qh6
51.Qh8 Nf2+ 52.Kg1 Ng4 53.h4 gxh4 54.gxh4 Rxg2+ 55.Kxg2 Qd2+ 56.Kg3 Qh2+
57.Kxg4 Re4+ 58.Kf3 Qf4+ 59.Kg2 Re2+  0-1

[Event "Mitropa Cup"]
[Site "Baden"]
[Date "1999.04.07"]
[Round "6"]
[White "Vavrak, Peter"]
[Black "Varga, Zoltan"]
[Result "0-1"]
[WhiteElo "2233"]
[BlackElo "2518"]

1.Nf3 d5 2.d4 c6 3.c4 dxc4 4.e3 b5 5.a4 e6 6.b3 Bb4+ 7.Bd2 Bxd2+ 8.Qxd2 a5
9.bxc4 b4 10.Bd3 Nd7 11.O-O c5 12.d5 Qf6 13.Ra2 e5 14.Qb2 g6 15.Nfd2 Qe7
16.f4 Ngf6 17.f5 O-O 18.Qc2 e4 19.Be2 g5 20.Nb3 Re8 21.N1d2 Nb6 22.Qb2 Kg7
23.Bd1 Nd7 24.Nc1 Qe5 25.Qxe5 Rxe5 26.h3 Ba6 27.Ncb3 Bb7 28.Bc2 Kf8 29.Rf2 Ke7
30.Nf1 Kd6 31.Ng3 Kc7 32.Nd2 Rae8 33.Ra1 Nb6 34.Bb3 Bc8 35.Rff1 Bd7 36.Bd1 Nc8
37.h4 gxh4 38.Nh5 Nxh5 39.Bxh5 Nd6 40.Rf4 Rg8 41.Rxh4 Rxf5 42.Be2 Rfg5 43.Bf1 Nf5
44.Rxh7 Ng3 45.Ra2 Ne2+ 46.Kf2 Nc3 47.Ra1 Rf5+ 48.Kg1 Rg3 49.Nb3 Kb6 50.Rh8 Bxa4
51.Nxa5 Rxe3 52.d6 Rf6 53.Rb8+ Kxa5 54.d7 Rd6 55.Ra8+ Kb6 56.d8=Q+ Rxd8 57.Rxd8 Rg3
58.Kf2 Rg6 59.Ke3 Bc6 60.Rd2 f5 61.Kf4 Rg4+ 62.Kxf5 e3 63.Rd6 Rd4 64.Rxd4 cxd4
65.Ke5 Kc5 66.Ra5+ Kb6 67.Ra1 e2 68.Kxd4 exf1=Q 69.Rxf1 Bxg2 70.Rf2 Bc6 71.Rb2 Ka5
72.Kd3 Na4 73.Rh2 b3 74.Re2 Kb4 75.Re1 Bd7 76.Kd2 Bf5 77.Re5 Bd7 78.Rd5 Nc5
79.Kc1 Bc6 80.Rd2 Kc3 81.Rc2+ Kb4 82.Rh2 Be4 83.Kb2 Na4+ 84.Ka1 Bc2 85.Rh1 b2+
86.Ka2 Bb3+ 87.Kb1 Ka3 88.Rh3 Nc5 89.Rg3 Ne4 90.Rd3 Nd2+  0-1

[Event "ISR-chT"]
[Site "Israel"]
[Date "1999.04.09"]
[Round "7"]
[White "Tunik, Gennady"]
[Black "Postny, E."]
[Result "1-0"]
[WhiteElo "2474"]
[BlackElo "2360"]

1.d4 d5 2.c4 c6 3.Nf3 dxc4 4.e3 Be6 5.a4 c5 6.Nc3 Nf6 7.Ng5 Bc8 8.d5 h6 9.Nf3 e6
10.Bxc4 exd5 11.Nxd5 Nxd5 12.Bxd5 Bd6 13.Qb3 Qc7 14.Bd2 O-O 15.Bc3 Nd7 16.a5 Rb8
17.O-O Ne5 18.Nxe5 Bxe5 19.Bxe5 Qxe5 20.Rfd1 Qe7 21.e4 b6 22.axb6 axb6 23.h3 Bb7
24.Qg3 Bxd5 25.exd5 Qf6 26.Rd2 b5 27.d6 c4 28.Rc1 Qg5 29.Qc3 Rfd8 30.Rcd1 Rd7
31.Rd5 Qf6 32.Qb4 Kh7 33.Rxb5 Rxb5 34.Qxb5 Rxd6 35.Rxd6 Qxd6 36.Qxc4 Qd1+
37.Qf1 Qb3 38.Qc1 h5 39.h4 g6 40.Qc3 Qd1+ 41.Kh2 Qd6+ 42.g3 f5 43.Qe3 Qb4
44.b3 Qb7 45.Qc3 Qb6 46.Kg1 Qd6 47.Qc4 Kg7 48.b4 Kf6 49.b5 Ke7 50.Kg2 Qd1
51.b6 Qb1 52.Qc7+ Ke6 53.b7 Qe4+ 54.Kh2 Qf3 55.Qb6+  1-0

[Event "Budapest FS04 IM-B"]
[Site "Budapest"]
[Date "1999.04.12"]
[Round "10"]
[White "Cooke, Eric"]
[Black "Dolgener, Tobias"]
[Result "0-1"]
[WhiteElo "2169"]
[BlackElo "2275"]

1.d4 d5 2.c4 dxc4 3.Nf3 c6 4.a4 e6 5.e3 b5 6.axb5 cxb5 7.b3 Bb4+ 8.Bd2 Bxd2+
9.Nfxd2 a5 10.Qf3 Ra7 11.Nc3 Ba6 12.bxc4 b4 13.Na4 Nf6 14.Nc5 O-O 15.Bd3 Nbd7
16.Nxa6 Rxa6 17.c5 Ra7 18.Bc2 Nd5 19.O-O N7f6 20.Nc4 Nc3 21.Ne5 Qa8 22.Qxa8 Rfxa8
23.Ba4 Nxa4 24.Rxa4 Nd5 25.Nd3 Nc3 26.Raa1 b3 27.Ra3 a4 28.Rfa1 Nb5 29.Kf1 Nxa3
30.Rxa3 Kf8 31.Ke2 Rb8 32.Nb2 Ke7 33.Kd3 Kd7 34.Kc4 f5 35.f3 Kc7 36.Kc3 g5
37.e4 fxe4 38.fxe4 Rf8 39.Nd3 Rf1 40.d5 exd5 41.exd5 Rd1 42.d6+ Kc6 43.Ne5+ Kxc5
44.d7 Kb5 45.Ra1 Rc7+ 46.Kb2 Rc2+  0-1

[Event "BL2-N9899"]
[Site "Germany"]
[Date "1999.04.18"]
[Round "9.5"]
[White "Hoerstmann, Martin"]
[Black "Hess, Christian"]
[Result "1-0"]
[WhiteElo "2295"]
[BlackElo "2300"]

1.d4 d5 2.c4 c6 3.Nf3 Nf6 4.Qc2 g6 5.Bf4 dxc4 6.Qxc4 Bg7 7.e3 O-O 8.Be2 Qb6
9.Qc1 c5 10.dxc5 Qb4+ 11.Nbd2 Ne4 12.Be5 Bxe5 13.Nxe5 Nxd2 14.Qxd2 Qxc5 15.f4 Nc6
16.Rc1 Qb6 17.Nxc6 bxc6 18.Bf3 Rd8 19.Rxc6 Rxd2 20.Rxb6 Rc2 21.Rb4 a5 22.Rb6 Ra6
23.Kd1 Rc7 24.Rxa6 Bxa6 25.Re1 Kg7 26.e4 e5 27.g3 f6 28.Re3 Kf8 29.Ra3 Rc5
30.b4 Rc4 31.Rxa5 Rd4+ 32.Kc1 Bf1 33.fxe5 fxe5 34.a3 h5 35.Rd5 Rc4+ 36.Kd2 g5
37.Rxe5 g4 38.Bxg4 Bg2 39.Be2 Rd4+ 40.Ke3 Rd7 41.Bxh5  1-0

[Event "ROM-chT"]
[Site "Sovata"]
[Date "1999.04.18"]
[Round "3"]
[White "Mateuta, Gabriel"]
[Black "Codirlasu, Cristian"]
[Result "1/2-1/2"]
[WhiteElo "2397"]
[BlackElo "2241"]

1.d4 d5 2.Nf3 Nf6 3.c4 c6 4.Qc2 Bg4 5.Ne5 Bh5 6.Qb3 Qb6 7.Qxb6 axb6 8.cxd5 Nxd5
9.Bd2 e6 10.Nc3 Nd7 11.Nxd5 exd5 12.Nd3 Bg6 13.Nf4 Bd6 14.Nxg6 hxg6 15.g3 b5
16.e3 Nf6 17.Bd3 Kd7 18.Ke2 Rh3 19.Kf3 Rah8 20.Kg2 Ne4 21.Be1 f5 22.f3 Nf6
23.a4 bxa4 24.Rxa4 Nh5 25.Ra1 Ke6 26.Bf2 Nf6 27.Ra7 g5 28.Rxb7 g4 29.f4 Rb8
30.Rxb8 Bxb8 31.Rc1 Ne4 32.Bxe4 dxe4 33.Rxc6+ Kd5 34.Rc5+ Ke6 35.Rc8 Bd6
36.Be1 g6 37.Rg8 Kf7 38.Rd8 Ke7 39.Ra8 Ke6 40.Ra7 Rh8 41.Bc3 Rb8 42.h3 gxh3+
43.Kxh3 Bb4 44.Rc7 Bxc3 45.bxc3 Rh8+ 46.Kg2 Ra8 47.Rc6+ Kf7 48.d5 Ra2+ 49.Kh3 Re2
50.c4 Rxe3 51.Rc7+ Ke8 52.c5 g5 53.d6 gxf4 54.Rc8+ Kd7 55.Rc7+ Kd8 56.c6 Rxg3+
57.Kh4 Rg6 58.Rd7+ Kc8 59.Rc7+ Kd8 60.Rd7+ Kc8 61.Rc7+ Kd8 62.Rd7+ Kc8  1/2-1/2

[Event "ISR-chT"]
[Site "Israel"]
[Date "1999.04.23"]
[Round "9"]
[White "Peker, Oleg"]
[Black "Rabinovich, Alexander"]
[Result "0-1"]
[WhiteElo "2363"]
[BlackElo "2437"]

1.d4 d5 2.c4 c6 3.Nf3 Nf6 4.Qc2 g6 5.Bf4 Bg7 6.e3 Na6 7.a3 O-O 8.c5 b6 9.b4 bxc5
10.bxc5 Ne4 11.Ra2 Qa5+ 12.Nbd2 f6 13.h3 e5 14.Bh2 Bf5 15.g4 Bd7 16.Bd3 exd4
17.exd4 f5 18.Ne5 Nxf2 19.Kxf2 fxg4+ 20.Ke2 Nxc5 21.Nxd7 Nxd7 22.Qxc6 Nb6
23.Nb3 Qa4 24.Qxa4 Nxa4 25.Rc2 Rae8+ 26.Kd1 Re3 27.Nc1 Rxh3 28.Rg1 Bxd4 29.Rxg4 Nb2+  0-1

[Event "Dubai op"]
[Site "Dubai"]
[Date "1999.05.01"]
[Round "1"]
[White "Rausis, Igors"]
[Black "Alsharhan, F."]
[Result "1-0"]
[WhiteElo "2508"]
[BlackElo "2123"]

1.d4 d5 2.c4 c6 3.Nf3 Nf6 4.Qc2 e6 5.g3 Nbd7 6.Bg2 Bd6 7.O-O O-O 8.Nbd2 Re8
9.Rd1 e5 10.cxd5 cxd5 11.dxe5 Nxe5 12.Nxe5 Rxe5 13.Nf3 Rh5 14.Qb3 Be6 15.Qxb7 Ne4
16.Be3 Nc5 17.Qb4 Ne4 18.Qa4 a5 19.Rac1 Bd7 20.Qc2 Qe8 21.Nd4 Nf6 22.Nf3 Qe7
23.Bd4 Re8 24.Qc3 Ne4 25.Qxa5 Ng5 26.Nxg5 Qxg5 27.Qd2 Qg6 28.Be3 Bg4 29.Re1 Rhe5
30.Rc6  1-0

[Event "Dubai op"]
[Site "Dubai"]
[Date "1999.05.03"]
[Round "3"]
[White "Saud, Mohamed"]
[Black "Labib, Ibrahim Hasan"]
[Result "0-1"]
[WhiteElo "2186"]
[BlackElo "2405"]

1.d4 d5 2.Nf3 Nf6 3.c4 c6 4.Qc2 e6 5.e3 Nbd7 6.Nc3 Bd6 7.Bd3 O-O 8.e4 dxe4
9.Nxe4 Nxe4 10.Bxe4 Nf6 11.Bd3 c5 12.dxc5 Bxc5 13.O-O h6 14.Bf4 b6 15.Rad1 Qe7
16.a3 Bb7 17.Ne5 Rad8 18.b4 Bd4 19.Qe2 Ba8 20.Ng4 Nxg4 21.Qxg4 f5 22.Qg3 Qf6
23.Rfe1 Bc3 24.Bd2 Bxd2 25.Rxd2 Rd4 26.Qe3 Rfd8 27.f4 Qg6 28.Ree2 Qf6 29.Re1 Kh8
30.Red1 Bb7 31.Bf1 Rxd2 32.Rxd2 Rxd2 33.Qxd2 Qa1 34.Qe3 Be4 35.c5 bxc5 36.bxc5 Qb2
37.c6 Bxc6 38.Qxa7 Qc1 39.Qb6 Bd5 40.a4 Qxf4 41.a5 Qc1 42.Qd4 Bb7 43.Qa7 Be4
44.Qd4 e5 45.Qb6 Kh7 46.a6 Qc6 47.Qf2 Qa4 48.a7 f4 49.Qc5 Qa1 50.Kf2 Qb2+
51.Kg1 Qb7 52.Qxe5 Qxa7+ 53.Kh1 Qe3 54.h3  0-1

[Event "Capablanca mem Premier II"]
[Site "Havana"]
[Date "1999.05.08"]
[Round "2"]
[White "Schussler, Harry"]
[Black "Dominguez Perez, Lenier"]
[Result "1/2-1/2"]
[WhiteElo "2455"]
[BlackElo "2479"]

1.d4 d5 2.c4 c6 3.Nf3 Nf6 4.Qc2 dxc4 5.Qxc4 Bf5 6.g3 e6 7.Bg2 Nbd7 8.O-O Be7
9.Bg5 O-O 10.e3 h6 11.Bxf6 Bxf6 12.Nc3 e5 13.Rfd1 Qe7 14.Qb3 exd4 15.Nxd4 Bxd4
16.exd4 Nf6 17.d5 cxd5 18.Nxd5 Nxd5 19.Bxd5 Rad8 20.Re1 Qc5 21.Bxb7 Rd2 22.Qe3 Qxe3
23.Rxe3 Rb8 24.Re7 Bd7 25.Ba6 Rbxb2 26.Bc4 Be6 27.Bxe6 fxe6 28.Rf1 Rxa2 29.Rxe6 Kf7
30.Re3 a5 31.Rf3+ Ke6 32.Re1+ Kd6 33.Re8 a4 34.Rg8 a3 35.Rxg7 Ra1+ 36.Kg2 a2
37.Ra7 Rb1 38.Rfa3 Rbb2 39.R7a6+ Kc5 40.R6a5+ Kc6 41.h4 Rxf2+ 42.Kh3 h5 43.Rxh5 Rh2+
44.Kg4 Rb4+ 45.Kf5 Rf2+ 46.Kg6 Rb3 47.Rha5 Rxa3 48.Rxa3 Rg2 49.Kf6 Rxg3 50.Rxa2 Rh3
51.Ra4 Kd7 52.Re4 Rf3+ 53.Kg6 Rg3+ 54.Kh7 Rh3 55.Kh6 Rh1 56.Kg5 Rg1+ 57.Kf5 Rf1+
58.Kg6 Rg1+ 59.Kh6 Rh1 60.h5 Rg1 61.Re5 Rg2 62.Kh7 Rg1 63.h6 Rg2 64.Re4 Rg1
65.Kh8 Rg6 66.h7 Rg1 67.Rg4 Rxg4  1/2-1/2

[Event "Tel Aviv super 1st"]
[Site "Tel Aviv "]
[Date "1999.05.19"]
[Round "9"]
[White "Avrukh, Boris"]
[Black "Huzman, Alexander"]
[Result "1-0"]
[WhiteElo "2609"]
[BlackElo "2575"]

1.d4 d5 2.c4 c6 3.Nf3 Nf6 4.Qc2 dxc4 5.Qxc4 Bf5 6.g3 e6 7.Bg2 Be7 8.O-O Nbd7
9.Nc3 O-O 10.e3 Ne4 11.Nd2 Nxd2 12.Bxd2 e5 13.e4 Nb6 14.Qb3 Bg6 15.d5 cxd5
16.exd5 Bc5 17.Nb5 a6 18.Rac1 Nd7 19.Na3 b5 20.Nc2 Nb6 21.Be3 Bxc2 22.Rxc2 Bxe3
23.Qxe3 Nc4 24.Qc1 Nd6 25.Re1 e4 26.Rc6 f5 27.Qc5 Nc4 28.Qd4 Rf6 29.Rxf6 Qxf6
30.Qxf6 gxf6 31.Bh3 Nxb2 32.Bxf5 Nc4 33.Rxe4 Nd6 34.Rg4+ Kh8 35.Bd7 f5 36.Rf4 Ra7
37.Bxf5 Rf7 38.Bd3 Rxf4 39.gxf4 a5 40.Kf1 b4 41.Ke2  1-0

[Event "Guillermo Garcia mem-B"]
[Site "Santa Clara"]
[Date "1999.05.25"]
[Round "2"]
[White "Pecorelli Garcia, Humberto"]
[Black "Abreu, Arian"]
[Result "1/2-1/2"]
[WhiteElo "2430"]
[BlackElo "2410"]

1.c4 Nf6 2.Nf3 c6 3.g3 d5 4.d4 Bf5 5.Bg2 e6 6.O-O Nbd7 7.Nc3 h6 8.Nd2 Be7
9.e4 dxe4 10.Ndxe4 Nxe4 11.Nxe4 O-O 12.Be3 Nf6 13.Nxf6+ Bxf6 14.Qb3 Qb6 15.d5 Qxb3
16.axb3 exd5 17.cxd5 cxd5 18.Bxd5 Rfd8 19.Bxb7 Rab8 20.Rxa7 Rd7 21.Bg2 Rxa7
22.Bxa7 Rxb3  1/2-1/2

[Event "CZE-ch"]
[Site "Lazne Bohdanec"]
[Date "1999.06.09"]
[Round "7"]
[White "Konopka, Michal"]
[Black "Votava, Jan"]
[Result "1/2-1/2"]
[WhiteElo "2480"]
[BlackElo "2511"]

1.d4 Nf6 2.Nf3 d5 3.c4 c6 4.Qb3 dxc4 5.Qxc4 Bf5 6.Nc3 e6 7.g3 Nbd7 8.Bg2 Be7
9.O-O O-O 10.Bg5 h6 11.Bxf6 Bxf6 12.e4 Bg4 13.Rad1 Qb6 14.h3 Bxf3 15.Bxf3 Rfd8
16.e5 Be7 17.Rfe1 Nf8 18.Rd2 a5 19.Red1 Qb4 20.Qe2 Rd7 21.a3 Qb6 22.h4 Rad8
23.Qe3 Qa7 24.Be4  1/2-1/2

[Event "Voronezh op 3rd"]
[Site "Voronezh"]
[Date "1999.06.13"]
[Round "2"]
[White "Panchenko, Alexandar G"]
[Black "Vnukov, Anatolij"]
[Result "1/2-1/2"]
[WhiteElo "2427"]
[BlackElo "2305"]

1.Nf3 d5 2.d4 Nf6 3.c4 c6 4.Qc2 Bg4 5.Ne5 e6 6.Nxg4 Nxg4 7.e3 f5 8.Nc3 a6
9.h3 Nf6 10.g4 g6 11.gxf5 gxf5 12.Bd2 Rg8 13.O-O-O Nbd7 14.Be2 b5 15.c5 Bh6
16.Rdg1 Rg6 17.f3 Qe7 18.f4 Kf7 19.Qd1 Rag8 20.Bf3 Qf8 21.Ne2 Rxg1 22.Rxg1 Rxg1
23.Qxg1 Qg8 24.Qxg8+ Kxg8 25.Ba5 Ne4 26.Kc2 Kf7 27.Nc1 e5 28.Nd3 exd4 29.exd4 Bg7
30.Bh5+ Ke6 31.Ne5 Bxe5 32.fxe5 Ng5 33.h4 Nf7 34.Bd2 Nf8 35.Kb3 Ng6 36.Bxg6 hxg6
37.Kb4 Kd7 38.Ka5 Nd8 39.Kxa6 Ne6 40.Be3 f4 41.Bf2 f3 42.Kb6 Nf4 43.Be3 Nd3
44.e6+ Kxe6 45.Kxc6 b4 46.a4 Nxb2 47.a5 Nc4 48.a6 Nxe3 49.a7 f2 50.a8=Q f1=Q
51.Qe8+ Kf6 52.Qxe3 Qc4 53.Kd6 b3 54.c6 Qb4+ 55.Kd7 b2 56.Qe5+ Kf7 57.Qxd5+ Kg7
58.c7 Qa4+ 59.Kd8 b1=Q 60.c8=Q Qb6+ 61.Qc7+ Qxc7+ 62.Kxc7 Qa7+ 63.Kc8 Kh6
64.Qg5+ Kh7 65.Qc5 Qa8+ 66.Kc7 Qe4 67.h5 Qf4+ 68.Kc8 Qf5+ 69.Qxf5 gxf5 70.d5 f4
71.d6 f3 72.d7 f2 73.d8=Q f1=Q 74.Qd6 Qf5+  1/2-1/2

[Event "Andorra la Vella op"]
[Site "Andorra la Vella"]
[Date "1999.06.27"]
[Round "2"]
[White "Ager, Josef"]
[Black "Magem Badals, Jorge"]
[Result "0-1"]
[WhiteElo "2330"]
[BlackElo "2557"]

1.d4 d5 2.Nf3 Nf6 3.c4 c6 4.g3 Bg4 5.Bg2 e6 6.b3 Nbd7 7.O-O Bd6 8.Bb2 O-O
9.Nbd2 h6 10.Nh4 e5 11.cxd5 Nxd5 12.Nc4 Be7 13.dxe5 Bxh4 14.gxh4 Nf4 15.f3 Be6
16.e3 Nxg2 17.Kxg2 Qxh4 18.Kh1 Qh5 19.Rc1 Bxc4 20.Rxc4 Nxe5 21.Rd4 f6 22.Rd2 Rae8
23.a4 b6 24.e4 Rf7 25.Bc3 Qh3 26.Bb2 Rd7 27.Rxd7 Nxd7 28.Rf2 Ne5 29.Rg2 Qxf3
30.Qxf3 Nxf3 31.Bxf6 g5 32.Rf2 g4 33.h3 h5 34.hxg4 hxg4 35.e5 Kf7 36.Kg2 Ke6
37.Kg3 Rg8 38.Re2 Nd4 39.Rd2 c5 40.Rd3 Nf5+ 41.Kg2 g3 42.a5 Rg4 43.axb6 axb6
44.Bd8 Rb4 45.Bc7 b5 46.Bd6 Rd4 47.Rxd4 cxd4 48.Bc7 d3  0-1

[Event "EUCup99 (Women)"]
[Site "Nova Gorica"]
[Date "1999.06.29"]
[Round "2"]
[White "Khusnutdinova, Luiza"]
[Black "Schuster, Birgit"]
[Result "0-1"]
[WhiteElo "2171"]
[BlackElo "2084"]

1.d4 d5 2.c4 c6 3.Nf3 Nf6 4.Qc2 g6 5.Bf4 Bf5 6.Qb3 Qb6 7.e3 Bg7 8.Nc3 Nbd7
9.h3 O-O 10.Rc1 Rac8 11.c5 Qxb3 12.axb3 Ne4 13.Ne2 h5 14.Rg1 Nef6 15.Ng3 Be6
16.Ng5 h4 17.Ne2 Nh5 18.Bh2 Bf6 19.Nxe6 fxe6 20.f4 Ng7 21.g4 hxg3 22.Bxg3 Nf5
23.Kd2 Kf7 24.Bg2 Rh8 25.Ra1 a6 26.Raf1 Rb8 27.b4 b6 28.Rb1 bxc5 29.bxc5 Rb3
30.Bf2 Rhb8 31.Nc3 Rxb2+ 32.Kd3 Rxf2  0-1

[Event "Swidnica op"]
[Site "Swidnica"]
[Date "1999.06.30"]
[Round "3"]
[White "Nester, I."]
[Black "Rustemov, Alexander"]
[Result "0-1"]
[WhiteElo "2229"]
[BlackElo "2539"]

1.d4 d5 2.Nf3 c6 3.c4 Nf6 4.g3 dxc4 5.Bg2 b5 6.O-O Bb7 7.Ne5 e6 8.a4 a6 9.Nc3 Nd5
10.e4 Nxc3 11.bxc3 Nd7 12.f4 Be7 13.Nxf7 Kxf7 14.f5 e5 15.Qh5+ Kg8 16.dxe5 Nxe5
17.Bf4 Bc5+ 18.Kh1 Qe8 19.Qh4 Be7 20.Bg5 Bxg5 21.Qxg5 h6 22.Qf4 Kh7 23.g4 Qe7
24.Qg3 Rad8 25.Rad1 Rxd1 26.Rxd1 Rd8 27.Rxd8 Qxd8  0-1

[Event "Haarlem AKN op 8th"]
[Site "Haarlem"]
[Date "1999.07.04"]
[Round "5"]
[White "Erwich, Frans AGM"]
[Black "Bodicker, Rob"]
[Result "1/2-1/2"]
[WhiteElo "2079"]
[BlackElo "2183"]

1.d4 d5 2.c4 c6 3.Nf3 Nf6 4.Qc2 e6 5.cxd5 exd5 6.Nc3 Be7 7.Bg5 Nbd7 8.e3 O-O
9.Bd3 Re8 10.O-O-O Nf8 11.Ne5 a6 12.h4 Qa5 13.Kb1 N6d7 14.Bf4 Bf6 15.Nxd7 Bxd7
16.f3 b5 17.g4 b4 18.Ne2 Be7 19.Nc1 Qb6 20.Nb3 a5 21.Nc5 Bxc5 22.dxc5 Qb7
23.h5 a4 24.e4 Be6 25.Ka1 b3 26.Qc3 a3 27.Bc1 Red8 28.bxa3 d4 29.Qb4 Qxb4
30.axb4 Rxa2+ 31.Kb1 Rb8 32.b5 cxb5 33.Bb2 Ra4 34.c6 Bc4 35.Bxd4 Rc8 36.e5 Rxc6
37.Be4 Rc8 38.Kb2 Be6 39.Rhe1 Ra7 40.Re3 Nd7 41.Red3 Nf8  1/2-1/2

[Event "SVK-ch"]
[Site "Nove Zamky"]
[Date "1999.07.06"]
[Round "4"]
[White "Priehoda, Vitezslav"]
[Black "Sergeev, Vladimir"]
[Result "0-1"]
[WhiteElo "2369"]
[BlackElo "2461"]

1.d4 Nf6 2.c4 c6 3.Nf3 d5 4.Qb3 dxc4 5.Qxc4 Bf5 6.Nc3 e6 7.g3 Nbd7 8.Bg2 Be7
9.O-O O-O 10.Bg5 Re8 11.Rfe1 h6 12.Bxf6 Bxf6 13.e4 Bg4 14.Rad1 Rc8 15.h3 Bh5
16.g4 Bg6 17.b4 b5 18.Qb3 a5 19.a3 Qb6 20.e5 Be7 21.Nd2 axb4 22.axb4 Qxd4
23.Be4 Nxe5 24.Bxg6 Nxg6 25.Re4 Qf6 26.Re3 Red8 27.Nde4 Qf4 28.Ne2 Rxd1+
29.Qxd1 Qc7 30.Nc5 Rd8 31.Rd3 Rxd3 32.Qxd3 Qd6 33.Qc2 Qd5  0-1

[Event "Politiken Cup"]
[Site "Copenhagen"]
[Date "1999.07.07"]
[Round "5"]
[White "Nilssen, John Arni"]
[Black "Johansen, Terje"]
[Result "1-0"]
[WhiteElo "2326"]
[BlackElo "2231"]

1.d4 d5 2.c4 c6 3.Nf3 Nf6 4.Qc2 g6 5.Bf4 Na6 6.e3 Bg7 7.Nc3 O-O 8.Be2 Be6
9.c5 Bf5 10.Qb3 Qc8 11.h3 Nd7 12.Qa3 Re8 13.b4 e5 14.dxe5 Nxe5 15.Nxe5 Bxe5
16.Bxe5 Rxe5 17.Bxa6 bxa6 18.Ne2 Rb8 19.Qc3 Re7 20.Nd4 Reb7 21.a3 a5 22.b5 cxb5
23.c6 b4 24.axb4 axb4 25.Qb3 Re7 26.O-O Be6 27.Ra4 Qc7 28.Rxb4 Rxb4 29.Qxb4 Re8
30.Rb1 a5 31.Qb6 Qe5 32.Qxa5 Bc8 33.Rb5 Be6 34.Rb7 Bc8 35.Rd7 Qg5 36.Qxd5  1-0

[Event "Paris-ch"]
[Site "Paris"]
[Date "1999.07.18"]
[Round "2"]
[White "Kruppa, Yuri"]
[Black "Desbones, Samy"]
[Result "1-0"]
[WhiteElo "2603"]
[BlackElo "2221"]

1.d4 d5 2.c4 dxc4 3.Nf3 c6 4.e3 Be6 5.Nbd2 b5 6.a4 Qa5 7.Be2 Nf6 8.O-O Na6
9.Ne5 Rc8 10.e4 Nb4 11.Ra3 Qb6 12.axb5 cxb5 13.d5 Bd7 14.Ndf3 Nxe4 15.Be3 Qd6
16.Rxa7 Bf5 17.Bxc4 bxc4 18.Qa4+ Nc6 19.Nxc6 Nf6 20.Nxe7+ Bd7 21.Nxc8  1-0

[Event "Komercni Banka op"]
[Site "Pardubice"]
[Date "1999.07.24"]
[Round "9"]
[White "Lechtynsky, Jiri"]
[Black "Kuporosov, Viktor"]
[Result "1/2-1/2"]
[WhiteElo "2365"]
[BlackElo "2482"]

1.Nf3 Nf6 2.c4 c6 3.d4 d5 4.Qc2 dxc4 5.Qxc4 Bf5 6.Nc3 e6 7.g3 Be7 8.Bg2 O-O
9.O-O Nbd7 10.e3 Ne4 11.Qe2 Nxc3 12.bxc3 Be4 13.a4 Qc7 14.Bb2 c5 15.Nd2 Bxg2
16.Kxg2 Rac8 17.Rfc1 Rfd8 18.Nc4 Nf6 19.e4  1/2-1/2

[Event "Paris-ch"]
[Site "Paris"]
[Date "1999.07.24"]
[Round "8"]
[White "Neiman, Emmanuel"]
[Black "Desbones, Samy"]
[Result "1-0"]
[WhiteElo "2353"]
[BlackElo "2221"]

1.d4 d5 2.c4 c6 3.Nf3 dxc4 4.e3 Be6 5.Nbd2 b5 6.a4 Qa5 7.Be2 Nf6 8.O-O Na6
9.e4 Bg4 10.Ne5 Bxe2 11.Qxe2 Qb6 12.axb5 cxb5 13.Ndxc4 Qb7 14.Na5 Qb6 15.Be3 e6
16.Rfc1 Nb4 17.d5 Qb8 18.Nac6 Nxc6 19.Nxc6 Qb7 20.Rxa7 Rxa7 21.Nxa7 Nxe4
22.dxe6 Nd6 23.Bc5 Nc4 24.e7  1-0

[Event "Dutch Open"]
[Site "Dieren"]
[Date "1999.07.25"]
[Round "6"]
[White "Ribshtein, Nati"]
[Black "Bloemhard, Rudy"]
[Result "1-0"]
[WhiteElo "2349"]
[BlackElo "2112"]

1.d4 d5 2.c4 c6 3.Nf3 Nf6 4.Qc2 dxc4 5.Qxc4 Bf5 6.g3 e6 7.Bg2 Be7 8.O-O O-O
9.Nc3 Nbd7 10.e3 b5 11.Qe2 b4 12.Na4 Qa5 13.b3 Be4 14.Bb2 Qh5 15.Rfe1 Rfd8
16.Rac1 Rac8 17.Ne5 Qxe2 18.Rxe2 Bxg2 19.Kxg2 Nxe5 20.dxe5 Nd7 21.Rec2 c5
22.Bd4 Rc6 23.e4 Ra6 24.Be3 Kf8 25.f4 Ke8 26.Kf3 f6 27.exf6 gxf6 28.g4 Kf7
29.Rd1 Ke8 30.Rcd2 c4 31.Rd4 cxb3 32.axb3 Rc6 33.R4d2 a5 34.h3 Nf8 35.Bb6 Ra8
36.f5 Ra6 37.Be3 Rd6 38.Rxd6 Bxd6 39.Bb6 Be7 40.Rc1 Nd7 41.Rc8+ Kf7 42.Be3 Ne5+
43.Ke2 exf5 44.gxf5 Rc6 45.Rxc6 Nxc6 46.Nb6 Ne5 47.Bf4 Bc5 48.Nd5 Nd7 49.Bc7 Ba7
50.Bxa5 Nc5 51.Bxb4 Nxb3 52.Kd3 Nc1+ 53.Kd2 Nb3+ 54.Kc2 Nd4+ 55.Kd3 Nf3 56.Bc3 Ng1
57.h4 Nh3 58.Nxf6 Bf2 59.Nxh7 Nf4+ 60.Kd2 Bxh4 61.Ke3 Nh5 62.Kf3 Ng3 63.Ng5+  1-0

[Event "Lippstadt"]
[Site "Lippstadt"]
[Date "1999.07.26"]
[Round "5"]
[White "Wehmeier, Stefan"]
[Black "Mueller, Karsten"]
[Result "0-1"]
[WhiteElo "2428"]
[BlackElo "2533"]

1.d4 d5 2.c4 c6 3.Nf3 Nf6 4.Nbd2 Bf5 5.g3 e6 6.Bg2 Bd6 7.O-O Nbd7 8.b3 h6
9.Bb2 Qb8 10.Qc1 O-O 11.Qc3 b5 12.Rae1 a5 13.c5 b4 14.Qc1 Bc7 15.a4 bxa3
16.Bxa3 Re8 17.Nh4 Bh7 18.f4 Ne4 19.Bxe4 Bxe4 20.Nxe4 dxe4 21.Qc2 f5 22.Ra1 Nf6
23.Ng2 Nd5 24.e3 Qb5 25.Rfb1 Reb8 26.Bc1 Rb7 27.Ra3 Rab8 28.Rba1 Nb4 29.Qd2 Qa6
30.Ne1 Rb5 31.Bb2 Nd5 32.Bc3 Rxb3 33.Rxb3 Rxb3 34.Bxa5 Nxe3 35.Nc2 Bxa5 36.Qc1 Qe2
37.Nxe3 Bd2 38.Qf1 Bxe3+ 39.Kh1 Qxf1+ 40.Rxf1 Bxd4  0-1

[Event "CRA-ch"]
[Site "Antiguo"]
[Date "1999.08.03"]
[Round "3"]
[White "Minero, Carlos"]
[Black "Sieiro Gonzalez, Luis"]
[Result "0-1"]
[WhiteElo "2182"]
[BlackElo "2402"]

1.d4 d5 2.c4 c6 3.Nf3 Nf6 4.g3 Bg4 5.Bg2 e6 6.O-O Nbd7 7.b3 Bd6 8.Ba3 Bxa3
9.Nxa3 O-O 10.Nc2 Re8 11.Ne3 Bh5 12.b4 a5 13.b5 cxb5 14.cxb5 Qe7 15.Qb3 Ne4
16.Rfc1 Nb6 17.g4 Bg6 18.Ne5 Qh4 19.Nd1 Nd2 20.Nxg6 hxg6 21.Qd3 Ndc4 22.h3 Rac8
23.Rc2 Rc7 24.Rac1 Rd7 25.Ne3 Qe7 26.Nxc4 Nxc4 27.e4 Nb6 28.exd5 Nxd5 29.Bxd5 Rxd5
30.Rc7 Qf6 31.Rxb7 Rxd4 32.Qg3 Qg5 33.Rcc7 Rd1+ 34.Kg2 Qd5+ 35.f3 Qxa2+  0-1

[Event "BCF-ch 86th"]
[Site "Scarborough"]
[Date "1999.08.05"]
[Round "5"]
[White "Davies, Nigel R"]
[Black "Tippleston, Charles E"]
[Result "1/2-1/2"]
[WhiteElo "2518"]
[BlackElo "2171"]

1.d4 d5 2.c4 c6 3.Nf3 Nf6 4.Qc2 Bg4 5.Ne5 e6 6.Nxg4 Nxg4 7.Nd2 Nd7 8.g3 Qf6
9.Nf3 Bb4+ 10.Bd2 Bxd2+ 11.Qxd2 dxc4 12.Bg2 Qe7 13.O-O O-O 14.Rac1 Nb6 15.Qa5 Rfd8
16.Rfd1 Rd5 17.Qc3 Rb5 18.Rb1 Nf6 19.Ne5 Nfd5 20.Qc1 c3 21.b3 c5 22.a4 Ra5
23.e4 Nb4 24.Qxc3 cxd4 25.Qxd4 f6 26.Ng4 Nc6 27.Qb2 Rc8 28.Ne3 Nb4 29.Qd2 Nc6
30.Bh3 Rd8 31.Qc3 Rxd1+ 32.Rxd1 Kf7 33.Qd2 Re5 34.Bg2 a5 35.Qe2 g6 36.Qd2 h5
37.Qe2 Qb4 38.Qd3 Rc5 39.Qd6 Rc3 40.Qc7+ Ne7 41.Qxb7 Qxb3 42.Re1 Nxa4 43.Qa8 Rc8
44.Qxa5 Qc3 45.Qxc3 Nxc3 46.Ra1 Rc7  1/2-1/2

[Event "BCF-ch 86th"]
[Site "Scarborough"]
[Date "1999.08.05"]
[Round "5"]
[White "Walker, David"]
[Black "McDonnell, James J"]
[Result "1-0"]
[WhiteElo "2280"]
[BlackElo "2051"]

1.d4 d5 2.c4 c6 3.Nf3 Nf6 4.Qc2 g6 5.Bf4 Bf5 6.Qb3 Qb6 7.e3 Bxb1 8.Rxb1 Nbd7
9.Bd3 Bg7 10.h3 O-O 11.O-O Rfc8 12.Qa3 Bf8 13.c5 Qd8 14.b4 a6 15.Qb3 Qe8
16.Bh2 Bg7 17.a4 Kh8 18.Rfe1 Ne4 19.Bxe4 dxe4 20.Ng5 Kg8 21.Nxe4 Nf6 22.Nd2 Nd7
23.Nc4 Kh8 24.Rbd1 Rd8 25.e4 Qg8 26.Na5 Ra7 27.d5 Rc8 28.Re3 Nf6 29.Be5 Nd7
30.Bxg7+ Qxg7 31.dxc6 bxc6 32.Red3 Nf8 33.Rd8 Rac7 34.Qd3 Qe5 35.Rxc8 Rxc8
36.Qxa6 Qc7 37.b5 cxb5 38.axb5 Nd7 39.b6 Qxc5 40.Rxd7 Qc1+ 41.Qf1  1-0

[Event "Lost Boys op"]
[Site "Antwerp"]
[Date "1999.08.06"]
[Round "7"]
[White "Shchekachev, Andrei"]
[Black "Van der Wiel, John TH"]
[Result "1/2-1/2"]
[WhiteElo "2505"]
[BlackElo "2544"]

1.Nf3 d5 2.d4 c6 3.c4 Nf6 4.Qb3 e6 5.Bg5 Nbd7 6.Nc3 Qa5 7.Bd2 Qb6 8.Qc2 Be7
9.e3 O-O 10.Bd3 dxc4 11.Bxc4 c5 12.O-O cxd4 13.exd4 Qc7 14.Bd3 b6 15.Rac1 Bb7
16.Qd1 Rac8 17.Qe2 Qb8 18.Rfe1 Rfd8 19.Ba6 Qa8 20.Bg5 Bxa6 21.Qxa6 Nb8 22.Qa4 Nc6
23.d5 Nxd5 24.Nxd5 Bxg5 25.Nxb6 axb6 26.Qxa8 Rxa8 27.Nxg5 Nb4 28.Rc7 Nd3
29.Rb1 Rxa2 30.Nxf7 Rd5 31.g3 h6 32.f4 Rc5 33.Rb7 Rc2 34.Ne5 Nxe5 35.fxe5 Raxb2
36.Rxb2 Rxb2 37.Re7 Re2 38.Rxe6 b5 39.Re7 Kf8 40.Rb7 Rxe5 41.Kg2 h5 42.h4 Rf5
43.g4 hxg4 44.Kg3 Rc5 45.Kxg4 Kg8 46.h5 Kh7 47.Kh4 Rc4+  1/2-1/2

[Event "Budapest  Agro GM"]
[Site "Budapest"]
[Date "1999.08.07"]
[Round "9"]
[White "Ovsejevitsch, Sergei"]
[Black "Varga, Zoltan"]
[Result "1-0"]
[WhiteElo "2515"]
[BlackElo "2541"]

1.d4 d5 2.c4 c6 3.Nf3 dxc4 4.Nc3 b5 5.a4 b4 6.Ne4 Nf6 7.Ng3 e6 8.e4 Ba6 9.Bg5 Qa5
10.Be2 Nbd7 11.O-O Be7 12.Rc1 c5 13.d5 exd5 14.e5 Ng8 15.Qxd5 Nb6 16.Qc6+ Kf8
17.Nf5 Rc8 18.Qe4 Rc7 19.Rfd1 g6 20.Nxe7 Rxe7 21.Rd8+ Re8 22.Rxe8+ Kxe8 23.Qc6+ Kf8
24.Qd6+  1-0